000 00496nam a2200181Ia 4500
001 19955
005 20260306172730.0
008 260306t2008||||xx |||||||||||||| ||spa||
041 _aESP
082 _a341.8
_bB79
100 _aBoza Dibos, Beatriz
_eAUT
245 0 _aExposición de motivos:
_bproyecto de código de ética y responsabilidad del profesional en derecho
260 _c2008
300 _a351 páginas :
_c21 cm.
650 _aGEN
654 _aCDE
942 _cLIB
_dJUS
_fJUS
_2ddc
_n
999 _c19955
_d19955